Spravodajca Ministerstva dopravy, spojov a verejných prác Slovenskej republiky

Na minha lista:
Detalhes bibliográficos
Formato: Periódico
Idioma:eslovaco
Publicado em: Bratislava Obzor 1993
Assuntos:
Tags: Adicionar Tag
Sem tags, seja o primeiro a adicionar uma tag!

MARC

LEADER 00000nas2a2200000 4500
001 s014020
005 20041025155612.3
041 0 |a slo 
044 |a SK 
245 1 0 |a Spravodajca Ministerstva dopravy, spojov a verejných prác Slovenskej republiky 
264 1 |a Bratislava  |b Obzor  |c 1993 
300 |a 1 zv. 
773 0 |w eu_un_cat*0021311 
610 2 0 |a doprava 
610 2 0 |a pošty 
610 2 0 |a telekomunikácie